000 00589 a2200181 4500
999 _c3223
_d3223
020 _a0091616514 (Brookfield Pub. Co.) :
050 0 0 _aHD58.7 LEE 1985
100 1 _aLee, R. A.
245 1 0 _aOrganizational behaviour :
_bpolitics at work /
_cRobert Lee and Peter Lawrence.
264 _aLondon
_bHutchinison and Co.
_c1985
300 _a192 p. :
_bill. ;
440 0 _aHutchinson management studies books
500 _aInclude index
504 _aIncludes bibliographies and index.
650 0 _aOrganizational behavior.
700 1 _aLawrence, Peter A.
942 _2lcc
_cBK
_h58.7
_iLEE
_kHD